000 01982nam a2200361 i 4500
003 EG-GICUC
005 20260420170004.0
008 260420s1997 ua ||||fr|||| 000 0 ara d
017 _a٣٧٧٣ / ١٩٩٦
020 _a977-03-9838-1
040 _a EG-GICUC
_bara
_c EG-GICUC
_d EG-GICUC
_erda
041 0 _aara
082 0 4 _221
_a345.455
_bم ح . ش
092 0 4 _221
099 _aLaw1 07 345.455 م ح . ش 1997
100 0 _aمحمود صالح
_eمؤلف.
245 1 0 _aشرح قانون نظام العاملين المدنيين بالدولة :
_bكل ما يتعلق بالموظف العام من دخول الخدمة للمعاش /
_cمحمود صالح.
250 _aالطبعة الثانية.
264 1 _aالإسكندرية :
_bمنشأة المعارف،
_c1997.
300 _a1088 صفحة، صفحات غير مرقمة ؛
_c24 سم.
_bإيضاحيات، صور، مثيليات ؛
336 _2rda content
_atext
337 _2rda media
_aComputer
338 _2rda carrier
_aOnline Resource
504 _aيشتمل على إرجاعات ببليوجرافية.
505 _a-طرق شغل الوظائف : تعيين و نقل و ندب و اعارة - تقدير كفاية العاملين وضوابطه وقيوده والتظلم منها - حقوق العاملين : مرتبات وبدلات وترقيات واجازات . واجبات العاملين وتأديبهم ووقفهم ومحاكمتهم. انتهاء خدمة العاملين بالمعاشر أو الاستقالة أو الوفاة . مع فتاوى وأحكام مجلس الدولة والتطبيقات العملية.
546 _aالنص باللغة العربية
650 1 4 _aالنظام القانوني للعاملين بالقطاع العام
_2qrmak
650 1 4 _aالقانون الإداري
_2qrmak
651 1 _2qrmak
856 4 0 _uhttps://fll.law.cu.edu.eg/fulltext/bks/B07-01187.pdf
905 _a62
942 _2ddc
_cBK
_e21
_n0
999 _c72360
_d72360